Tratado de medidas cautelares. la inhibición general de bienes en el proceso común y en el régimen concursal / 2 :
Guardado en:
| Autor Principal: | |
|---|---|
| Otros Autores: | |
| Formato: | Libro |
| Idioma: | Spanish |
| Publicado: |
Santa Fe :
Panamericana,
2005
|
| Edición: | 2a. ed. act. |
| Materias: | |
| Etiquetas: |
Agregar Etiqueta
Sin Etiquetas, Sea el primero en etiquetar este registro!
|
| LEADER | 00681nam a22001815a 4500 | ||
|---|---|---|---|
| 001 | DER.der003197 | ||
| 008 | 180615s2005####ag#||||||||||||||#||spa|| | ||
| 005 | 20250814173427.0 | ||
| 245 | 1 | 0 | |a Tratado de medidas cautelares. |n 2 : |b la inhibición general de bienes en el proceso común y en el régimen concursal / |c Atilio Carlos González ; coordinado por Jorge W. Peyrano. |
| 250 | |a 2a. ed. act. | ||
| 260 | |a Santa Fe : |b Panamericana, |c 2005 | ||
| 300 | |a 139 p. | ||
| 500 | |a Doctrina. Jurisprudencia. | ||
| 020 | |a 9509706353 | ||
| 100 | 1 | |a González, Atilio Carlos | |
| 700 | 1 | |a Peyrano, Jorge W., |e coord. | |
| 653 | |a DERECHO PROCESAL CIVIL | ||
| 859 | |a DERECHO |b BIB. DERECHO |h 347.05 |i GON |p 003264 | ||
